Word Ladder: Certain Curtain Quiz Stats

Quiz Updated Nov 29, 2015

Challenge
Share
Tweet
Embed
Score 0/50 Timer 06:00
2 Plays Today
Clue 4-Letter Word % Correct
• Direction in which the Sun rises •☭EAST☭
97%
• Rapper Kanye •✩WEST✩
96.9%
A cowboy's footwearBOOT
96.3%
Quick or rapidFAST
95.8%
Ice does this at 0° CMELT
95.7%
List of performers in a play or movieCAST
94.5%
• Material of the title curtain, symbolized by 'Fe' ••IRON•
94%
Multi-instrument musical groupBAND
94%
Curve in a pipe or roadBEND
94%
Country formerly known as PersiaIRAN
93.8%
Fastener often paired with a nutBOLT
93.6%
Informal conversationCHAT
93.5%
Stick used for keeping lips moistCHAP
93.5%
Spoiled child or a kind of sausageBRAT
93.4%
'Penny ____,' a Beatles classicLANE
93.2%
Hit with the hand, as in karateCHOP
93%
Good, superlativelyBEST
93%
Shed feathers or skinMOLT
92.9%
Price of an item available for purchaseCOST
92.9%
Affirmation in the Bible, said after prayersAMEN
92.6%
Layer of paintCOAT
92.6%
A piece of work for a detectiveCASE
92.1%
Villain in 'The Dark Knight Rises'BANE
92.1%
Skin lesionWELT
91.9%
State of being comfortableEASE
91.5%
Clue 4-Letter Word % Correct
Noise for a horn or whistleTOOT
91.4%
Outer layer of cereal grainBRAN
90.8%
Appliance used for cookingOVEN
90.3%
Gait of a horseTROT
90.1%
Message believed to foretell the futureOMEN
89.8%
Territory patrolled by a police officerBEAT
89.4%
1982 Jeff Bridges sci-fi filmTRON
88.7%
Rare or difficult accomplishmentFEAT
88.6%
Deceased, often rhymed with 'great'LATE
88.5%
Consumer, or someone who abuses drugsUSER
88.2%
Matchbox Twenty #1 hit from 2000BENT
88.1%
Plants grown for food or fuel on farmsCROP
87.9%
• Former Communist nation whose capital was Moscow •☭USSR☭
87.5%
Extremely dry, as a desertARID
87.1%
Suffix used with 'snooze,' 'slug,' and 'joke'FEST
86.6%
Former Ugandan dictator IdiAMIN
86%
Surrounded by; in the center ofAMID
84.6%
• Military alliance based in Brussels •✩NATO✩
84.1%
Designer and TV personality BerkusNATE
82.7%
Device used to move cattlePROD
82%
Nickname of controversial Yankee with 600+ home runsA-ROD
81%
Object used to brace or supportPROP
79.5%
App that allows you to order a carUBER
79%
Set of six balls bowled in cricketOVER
70.5%
Ken who hosted 'Remote Control'OBER
65.7%

Today's Daily Dose

You're not logged in!

Compare scores with friends on all Sporcle quizzes.
Join for Free
OR
Log In

You Might Also Like...

Show Comments

Extras

Top Quizzes Today


Score Distribution

Your Account Isn't Verified!

In order to create a playlist on Sporcle, you need to verify the email address you used during registration. Go to your Sporcle Settings to finish the process.

Report this User

Report this user for behavior that violates our Community Guidelines.

Details: